<?xml version="1.0" encoding="UTF-8"?>
<record
    xmlns:xsi="http://www.w3.org/2001/XMLSchema-instance"
    xsi:schemaLocation="http://www.loc.gov/MARC21/slim http://www.loc.gov/standards/marcxml/schema/MARC21slim.xsd"
    xmlns="http://www.loc.gov/MARC21/slim">

  <leader>02817nam a2200313 a 4500</leader>
  <controlfield tag="001">ebr10580148</controlfield>
  <controlfield tag="003">CaPaEBR</controlfield>
  <controlfield tag="006">m        u        </controlfield>
  <controlfield tag="007">cr cn|||||||||</controlfield>
  <controlfield tag="008">120117s2012    njua    sb    001 0 eng d</controlfield>
  <datafield tag="010" ind1=" " ind2=" ">
    <subfield code="z">  2012002022</subfield>
  </datafield>
  <datafield tag="020" ind1=" " ind2=" ">
    <subfield code="z">9781118149652 (cloth)</subfield>
  </datafield>
  <datafield tag="020" ind1=" " ind2=" ">
    <subfield code="z">9781118347836 (e-book)</subfield>
  </datafield>
  <datafield tag="040" ind1=" " ind2=" ">
    <subfield code="a">CaPaEBR</subfield>
    <subfield code="c">CaPaEBR</subfield>
  </datafield>
  <datafield tag="035" ind1=" " ind2=" ">
    <subfield code="a">(OCoLC)808346377</subfield>
  </datafield>
  <datafield tag="050" ind1="1" ind2="4">
    <subfield code="a">RB56</subfield>
    <subfield code="b">.D37 2012eb</subfield>
  </datafield>
  <datafield tag="082" ind1="0" ind2="4">
    <subfield code="a">615.7/040724</subfield>
    <subfield code="2">23</subfield>
  </datafield>
  <datafield tag="100" ind1="1" ind2=" ">
    <subfield code="a">Dasgupta, Amitava,</subfield>
    <subfield code="d">1958-</subfield>
  </datafield>
  <datafield tag="245" ind1="1" ind2="0">
    <subfield code="a">Resolving erroneous reports in toxicology and therapeutic drug monitoring</subfield>
    <subfield code="h">[electronic resource] :</subfield>
    <subfield code="b">a comprehensive guide /</subfield>
    <subfield code="c">Amitava Dasgupta.</subfield>
  </datafield>
  <datafield tag="260" ind1=" " ind2=" ">
    <subfield code="a">Hoboken, N.J. :</subfield>
    <subfield code="b">John Wiley &amp; Sons,</subfield>
    <subfield code="c">c2012.</subfield>
  </datafield>
  <datafield tag="300" ind1=" " ind2=" ">
    <subfield code="a">viii, 457 p. :</subfield>
    <subfield code="b">ill.</subfield>
  </datafield>
  <datafield tag="504" ind1=" " ind2=" ">
    <subfield code="a">Includes bibliographical references and index.</subfield>
  </datafield>
  <datafield tag="505" ind1="0" ind2=" ">
    <subfield code="a">An introduction to tests performed in toxicology laboratories and methodologies available for such testings -- Challenges in drugs of abuse testing -- False positive results in immunoassays for drugs of abuse testing -- True positive drugs of abuse test results due to prescription and non-prescription drugs -- When toxicology report is negative in a suspected overdosed patient : the world of designer drugs -- Abuse of magic mushroom, peyote cactus and solvent : no readily available laboratory tests -- False positive alcohol tests using breath analyzers and automated analyzers -- Role of laboratory in detecting other poisoning including pesticides, ethylene glycol, and methanol -- Poisoning with warfarin and superwarfarin : what laboratory can do? -- Plant poisoning and clinical laboratory -- Sources of erroneous results in therapeutic drug monitoring due to pre-analytical errors, high bilirubin, hemolysis, and heterophilic antibody -- Interferences in immunoassays used for digoxin monitoring -- Interferences in immunoassays used for monitoring anticonvulsants and usefulness of monitoring free anticonvulsants in certain patients -- Interferences in immunoassays used for monitoring tricyclic antidepressant -- Therapeutic drug monitoring of immunosuppressant drugs : limitations of immunoassays and need for chromatographic methods -- Effect of drug-herb interactions on therapeutic drug monitoring -- Pharmacogenomics and toxicology laboratory -- Approaches for eliminating interference/discordant specimen in therapeutic drug monitoring and drugs of abuse testing.</subfield>
  </datafield>
  <datafield tag="533" ind1=" " ind2=" ">
    <subfield code="a">Electronic reproduction.</subfield>
    <subfield code="b">Palo Alto, Calif. :</subfield>
    <subfield code="c">ebrary,</subfield>
    <subfield code="d">2011.</subfield>
    <subfield code="n">Available via World Wide Web.</subfield>
    <subfield code="n">Access may be limited to ebrary affiliated libraries.</subfield>
  </datafield>
  <datafield tag="650" ind1=" " ind2="0">
    <subfield code="a">Drug monitoring.</subfield>
  </datafield>
  <datafield tag="655" ind1=" " ind2="7">
    <subfield code="a">Electronic books.</subfield>
    <subfield code="2">local</subfield>
  </datafield>
  <datafield tag="710" ind1="2" ind2=" ">
    <subfield code="a">ebrary, Inc.</subfield>
  </datafield>
  <datafield tag="856" ind1="4" ind2="0">
    <subfield code="u">http://site.ebrary.com/lib/rucke/Doc?id=10580148</subfield>
    <subfield code="z">An electronic book accessible through the World Wide Web; click to view</subfield>
  </datafield>
  <datafield tag="999" ind1=" " ind2=" ">
    <subfield code="c">187797</subfield>
    <subfield code="d">187797</subfield>
  </datafield>
</record>
